| 000 | 00878nam a2200217 a 4500 | ||
|---|---|---|---|
| 003 | MX-MxUPN | ||
| 005 | 20241001063914.0 | ||
| 008 | 991125s1947 mx o r 000 0 spa d | ||
| 035 | _aUPN01000050546 | ||
| 040 |
_aMX-MxUPN _bspa _cMX-MxUPN |
||
| 041 | 0 | _aspa | |
| 050 | 4 |
_aL227 B4 _bC67 |
|
| 100 | 1 |
_aCorona Morfín, Enrique, _d1887-1977 _931837 |
|
| 245 | 1 | 0 | _aRazón de ser de las misiones culturales de la Secretaría de Educación Pública |
| 260 |
_aMéxico : _bSecretaría de Educación Pública, _c1947. |
||
| 300 |
_a67 páginas : _bfotografías |
||
| 500 | _aCon dedicatoria :"Para el Dr. Dn. Juan Comas, quien de veras sabe de estas cosas. Afectivamente [Rúbrica del autor]. México, 13 Noviembre 1953". | ||
| 650 | 4 |
_aEducación _zMéxico _xHistoria _9187 |
|
| 710 | 2 |
_aInstituto Nacional de Pedagogía (México) _epropietario anterior _928088 |
|
| 942 |
_2lcc _cLIBRO |
||
| 999 |
_c50546 _d50546 |
||